| 000 | 00745nam a2200241Ia 4500 | ||
|---|---|---|---|
| 003 | OSt | ||
| 005 | 20220923225203.0 | ||
| 006 | a|||||r|||| 00| 0 | ||
| 007 | ta | ||
| 008 | 220922b |||||||| |||| 00| 0 hin d | ||
| 024 | _a259,511 | ||
| 037 | _cTextual | ||
| 040 |
_aARTS _cARTS _bhin |
||
| 041 |
_2hin _ahin |
||
| 082 | _a4w, 152M6 | ||
| 100 | _aक्षेमचन्द्र; सुमन | ||
| 245 | 0 | _aहिन्दी के यशस्वी पत्रकार | |
| 246 | _aHindī ke yashasvī patrakāra | ||
| 260 |
_aदिल्ली _b भारत _c1986 |
||
| 300 |
_a328पृ. _ccm. |
||
| 942 |
_h4w, 152M6 _cTEXL _2CC |
||
| 999 |
_c376605 _d376605 |
||